La determinacion del costo de las ventas para su exposición en el cuadro de resultados contables y su relacion con el método de costeo utilizado (Registro nro. 26664)

Detalles MARC
000 -LEADER
fixed length control field 00472 a2200121 4500
001 - CONTROL NUMBER
control field ART_12836
005 - DATE AND TIME OF LATEST TRANSACTION
control field 20260410161909.0
008 - FIXED-LENGTH DATA ELEMENTS--GENERAL INFORMATION
fixed length control field 260409a
100 1# - MAIN ENTRY--PERSONAL NAME
Personal name Bottaro, Oscar Eduardo
245 10 - TITLE STATEMENT
Title La determinacion del costo de las ventas para su exposición en el cuadro de resultados contables y su relacion con el método de costeo utilizado
700 1# - ADDED ENTRY--PERSONAL NAME
Personal name Visconti, Rubén A.
773 0# - HOST ITEM ENTRY
Title Costos y gestión
Related parts - Año 14, Nº 54 (dic. 2004)
Record control number REV12786

No hay ítems disponibles.